| 000 | 01185nam a2200229Ia 4500 | ||
|---|---|---|---|
| 999 |
_c4885 _d4885 |
||
| 003 | OSt | ||
| 005 | 20200429105052.0 | ||
| 008 | 191128s2005 ck gr 000 0 spa d | ||
| 020 | _a9588122201 | ||
| 040 |
_aCO-JMCR _cCO-JMCR |
||
| 041 | 0 | _aspa | |
| 082 | 0 | 4 |
_a304.6 / _bB153a |
| 100 | 1 |
_aBanguero Lozano, Harold, _eautor _93610 |
|
| 245 | 1 | 0 |
_aEl análisis de la población : _bconceptos, métodos y aplicaciones / _cHarold Banguero Lozano |
| 260 |
_aCali : _bUniversidad Autónoma de Occidente, _c2005 |
||
| 300 |
_a948 páginas ; _c24 cm. |
||
| 505 | _aEl estudio de la población -- Dinámica de la población mundial, de latinoamérica, de centroamérica y de Honduras: una comparación -- Fuentes de la información demográfica -- Evaluación de información demográfica -- Ajuste, interpolación y estandarización | ||
| 520 | _aLos análisis del tamaño, composición y dinámica de la población son un punto de partida y base fundamental para cualquier ejercicio de planeación moderna, tanto en el sector público como en el privado. | ||
| 650 | 1 | 4 |
_aDemografía _xEstadística _93611 |
| 650 | 2 | 4 |
_ademográfica Indicadores _xdemográficos _93612 |
| 942 |
_2ddc _cBK |
||